Datum a čas kvízu
26
Celkem bodů
Celkový počet nahraných bodů na tomto kvízu bez doplňovacích otázek.
5.
Pořadí na kvízu
Konečné umístění týmu na tomto kvízu.
Zaznamenané odpovědi
| # | Otázka | Odpověď | Body | Výsledky |
|---|---|---|---|---|
| 1. | Jak se jmenuje bývalý vrcholný... | Jan Hamáček | 0 | |
| 2. | Minulý týden se stala hitem so... | Slovensko, ministerstvo kultury | 1 | |
| 3. | Jak se nazývá oblíbený komiks,... | Čtyřlístek | 1 | |
| 4. | Vědci objevili v Peru dva nové... | Iron Maiden | 0 | |
| 5. | Martina Sáblíková obhájila na... | 33. medaile (uznáváme 30–36) | 0 | |
| 6. | Obec s nejdelším názvem v Česk... | A | 1 | |
| 7. | Česká republika hraničí se čty... | 1C 2B 3D 4A | 1 | |
| 8. | Nejníže položené sídlo v České... | Hřensko | 1 | |
| 9. | V této otázce bude potřeba k z... | 1B 2C 3D 4A | 1 | |
| 10. | V České republice jsou čtyři ú... | NP Šumava | 1 |